KOHA-Header-6

Noncommutative Distributions (Record no. 6804)

000 -LEADER
fixed length control field 00269nam a2200109Ia 4500
100 ## - MAIN ENTRY--AUTHOR NAME
Personal name Albeverio,Sergio.
245 #0 - TITLE STATEMENT
Title Noncommutative Distributions
260 ## - PUBLICATION, DISTRIBUTION, ETC. (IMPRINT)
Place of publication New York
Name of publisher Mc Graw Hill
Year of publication 1993
300 ## - PHYSICAL DESCRIPTION
Number of Pages 190
942 ## - ADDED ENTRY ELEMENTS (KOHA)
Koha item type Books
Holdings
Withdrawn status Lost status Collection code Permanent Location Current Location Shelving location Date acquired Full call number Accession Number Koha item type
    Mathematics MAJU MAJU Shelf No.A26 2019-09-11 004.33 274 Mathematics

Powered by Koha